| 000 | 00405nam a22001577a 4500 | ||
|---|---|---|---|
| 003 | CEME | ||
| 005 | 20210628202557.0 | ||
| 008 | 210316b xxu||||| |||| 00| 0 eng d | ||
| 040 | _c. | ||
| 082 | _a001 UNI'V | ||
| 100 |
_aDoger, A. M _960570 |
||
| 245 | _aGeneral knowledge for examination and interviews | ||
| 260 |
_aLAHOR _bDOGAR SONS _c1996 |
||
| 650 |
_aGENERAL KNOWLEDGE _960571 |
||
| 942 |
_cBK _2ddc |
||
| 999 |
_c570268 _d570268 |
||